000 00552cam a22002171 4500
001 sa 68008005
003 DLC
005 20260227112527.0
008 950203s1967 ii 000 0 malo
010 _asa 68008005
025 _aPL480:I-Mal-1307
035 _a(OCoLC)31933051
040 _aDLC
_cCU
_dCU
_dDLC
042 _apremarc
050 0 0 _aPL4718.9.S84
_bR3
100 0 _aSukumar,
_d1932-
245 1 0 _aRājākēśavadāsanuṃ Mējar Kuṭṭanpiḷḷayuṃ.
260 _c[1967]
300 _a163 p.
_c19 cm.
500 _aIn Malayalam.
999 _c82172
_d82172